000 00207 a2200097 4500
001 47909
100 _aHoskins, H L
245 _aThe Middle East
260 _aNew York
_bMacmillan
_c
090 _c30904
_d30904
942 _aNUST-CAE
_cM
_c23230
999 _c282982
_d282982